5-Letter Tug of Words #1 - Statistics

General Stats
  • This quiz has been taken 76 times
  • The average score is 7 of 13
Answer Stats
Hint Answer % Correct
Upper body Chest
100%
A strategic board game that has 64 squares Chess
98%
Dishonest and unfair action Cheat
75%
An aspiration Dream
55%
Dairy product Cream
54%
Type of shoe Cleat
52%
Pure and innocent Clean
49%
Shine brightly Gleam
49%
Easy to understand Clear
45%
Extract from various sources Glean
42%
Spanish word for "create" Crear
32%
Instrument used to withdraw blood Fleam
5%
Word or look of mockery Flear
5%
No matching quizzes found
Score Distribution
Percent of People with Each Score
Percentile by Number Answered
Your Score History
You have not taken this quiz